Score 0/94 Timer 10:00
0 Plays Today
Spirit # Spirit Name % Correct
178Link (The Legend of Zelda)
100%
234Link (A Link Between Worlds)
100%
172Link
100%
1,322Link (Link's Awakening)
100%
190Zelda (Ocarina of Time)
99%
259Zelda (Spirit Tracks)
99%
247Zelda (The Wind Waker)
99%
238Zelda (Breath of the Wild)
99%
173Zelda
99%
191Ganon
97.9%
174Sheik
97.9%
220Ganondorf (Twilight Princess)
97.4%
175Ganondorf
97.4%
176Young Link
97.4%
177Toon Link
97.4%
222Midna
89.7%
193Impa
89.2%
223Wolf Link & Midna
86.7%
205Skull Kid
85.6%
206Skull Kid & Majora's Mask
85.6%
228Ghirahim
84.6%
192Saria
84.1%
248King of Red Lions
82.1%
198Darunia
82.1%
200Ruto
81.5%
246Tetra
81%
224Zant
81%
227Fi
81%
199Zora
81%
197Goron
80.5%
196Epona
77.9%
239Mipha
76.4%
Spirit # Spirit Name % Correct
179Octorok
75.9%
242Urbosa
75.9%
240Daruk
75.4%
243Calamity Ganon
74.9%
209Majora's Mask
74.9%
241Revali
74.4%
210Moon
73.8%
180Moblin
72.8%
195Malon
72.8%
251Medli
72.3%
232Groose
71.8%
233Wall-Merged Link
71.8%
249King of Hyrule
70.8%
258Phantom
70.8%
221Beast Ganon
69.2%
211Tingle
69.2%
1,323Owl
69.2%
244Bokoblin
68.7%
230Demise
68.2%
257Linebeck
67.7%
237Yuga
67.2%
212Happy Mask Salesman
67.2%
235Ravio
67.2%
215Din
66.7%
245Guardian
66.2%
216Nayru
65.1%
207Deku Link
64.6%
229The Imprisoned
64.6%
255Vaati
64.6%
236Hilda
64.6%
188Wind Fish
63.6%
187Marin
63.1%
Spirit # Spirit Name % Correct
183Darknut
63.1%
204ReDead
63.1%
231Loftwing
62.6%
182Like Like
61.5%
201Great Fairy
60.5%
250Aryll
59.5%
213Kafei
59.5%
203Twinrova
57.4%
252Valoo
56.4%
260Alfonzo & Engineer Link
55.9%
253Beedle
55.9%
202Koume & Kotake
54.4%
256Ezlo
54.4%
185Agahnim
54.4%
186Cucco
52.8%
184Fairy Bottle
52.3%
217Ricky
52.3%
194Kaepora Gaebora
52.3%
262Totem Link
51.8%
208Fierce Deity Link
50.8%
189Young Zelda
50.3%
225Agitha
48.7%
261Byrne
47.7%
219Moosh
45.1%
226King Bulblin & Lord Bullbo
43.6%
181Tektite
42.6%
218Dimitri
41.5%
263Madame Couture
41%
214Postman
40%
254Fishman
38.5%
Remove Ads.
Support Sporcle.
Get the best of Sporcle when you Go Orange. This ad-free experience offers more features, more stats, and more fun while also helping to support Sporcle. Thank you for becoming a member.

You're not logged in!

Compare scores with friends on all Sporcle quizzes.
OR
Log In

Show Comments

Extras

Top Quizzes Today


Score Distribution

Your Account Isn't Verified!

In order to create a playlist on Sporcle, you need to verify the email address you used during registration. Go to your Sporcle Settings to finish the process.

Report this User

Report this user for behavior that violates our Community Guidelines.

Details: